[Event "Preferente Aragonesa 2024 - Grupo II"]
[Site "?"]
[Date "2024.03.09"]
[Round "7.55"]
[White "Miranda Herrera, Belen"]
[Black "Muro Turon, Raul"]
[Result "1-0"]
[WhiteElo "1823"]
[BlackElo "1785"]
[PlyCount "63"]
[GameId "2166508136325656"]
[EventDate "2024.01.27"]
[WhiteTeam "MyInvestor Casablanca C"]
[BlackTeam "Tauste"]

1. e4 e5 2. Nf3 Nc6 3. Nc3 Nf6 4. d4 Bb4 5. Nxe5 O-O 6. Nxc6 dxc6 7. Bg5 h6 8. Bxf6 Qxf6 9. a3 Ba5 10. b4 Bb6 11. Ne2 Be6 12. c3 Bc4 13. Ng3 Bxf1 14. Nxf1 Qe6 15. Nd2 a5 16. O-O Rad8 17. Kh1 Rfe8 18. f4 f5 19. e5 axb4 20. axb4 Qg6 21. Rf3 Ra8 22. Nc4 Qe6 23. Ne3 g6 24. Rf2 Kg7 25. h3 Rxa1 26. Qxa1 Qb3 27. Qb2 Qa4 28. g4 fxg4 29. hxg4 h5 30. gxh5 c5 31. bxc5 Qd7 32. Rh2 1-0

[Event "Preferente Aragonesa 2024 - Grupo II"]
[Site "?"]
[Date "2024.03.09"]
[Round "7.56"]
[White "San Lazaro Lorente, David"]
[Black "Jaime Galeano, Alcher"]
[Result "1-0"]
[WhiteElo "1755"]
[BlackElo "1787"]
[PlyCount "55"]
[GameId "2166508136358425"]
[EventDate "2024.01.27"]
[WhiteTeam "Tauste"]
[BlackTeam "MyInvestor Casablanca C"]

1. d4 d5 2. Nf3 Nf6 3. e3 g6 4. Bd3 Bg7 5. O-O O-O 6. b3 c5 7. Bb2 Qc7 8. c4 dxc4 9. Bxc4 Rd8 10. Ne5 e6 11. Qc2 Nc6 12. Nxc6 Qxc6 13. dxc5 Qxc5 14. Nc3 b6 15. Rfd1 Bb7 16. Qe2 Qg5 17. f3 Ne8 18. Bd3 Nd6 19. Rac1 Rac8 20. e4 f5 21. exf5 exf5 22. Nb5 Rxc1 23. Bxc1 Qf6 24. Nxd6 Rxd6 25. Bc4+ Kh8 26. Qe8+ Bf8 27. Rxd6 Qxd6 28. Bb2+ 1-0

[Event "Preferente Aragonesa 2024 - Grupo II"]
[Site "?"]
[Date "2024.03.09"]
[Round "7.57"]
[White "Carretero Cacho, Juan Jose"]
[Black "Asensio Asensio, Nicolas"]
[Result "1/2-1/2"]
[WhiteElo "2010"]
[BlackElo "2028"]
[PlyCount "87"]
[GameId "2166508136399386"]
[EventDate "2024.01.27"]
[WhiteTeam "Agrupacion B"]
[BlackTeam "Aulazenter"]

1. e4 c6 2. c4 d5 3. exd5 Nf6 4. Nc3 cxd5 5. cxd5 Nxd5 6. Nf3 e6 7. d4 Be7 8. Bd3 Nc6 9. O-O O-O 10. a3 Nf6 11. Re1 Re8 12. Bc2 Bf8 13. Bg5 g6 14. d5 Na5 15. b4 Bg7 16. bxa5 Qxa5 17. Bd2 Qc5 18. Bb3 Bd7 19. dxe6 fxe6 20. Qe2 Rac8 21. Ng5 Rc6 22. Nce4 Qf5 23. Rac1 Rb6 24. Qd3 Nd5 25. Bc4 h6 26. Nf3 Kh7 27. Nc5 Qxd3 28. Bxd3 Bc8 29. Ne5 Ne7 30. Bc3 Rd6 31. Bb5 Red8 32. Nf7 Bxc3 33. Rxc3 Rd1 34. Rc1 Rxe1+ 35. Rxe1 Rd5 36. Nxb7 Bxb7 37. Bc4 Ra5 38. Rxe6 Nf5 39. Nd6 Ba6 40. Nxf5 Bxc4 41. Re7+ Kg8 42. Nxh6+ Kf8 43. Rc7 Rxa3 44. h4 1/2-1/2

[Event "Preferente Aragonesa 2024 - Grupo II"]
[Site "?"]
[Date "2024.03.09"]
[Round "7.58"]
[White "Conon, Catalin"]
[Black "Palasi Mainar, Miguel Angel"]
[Result "1-0"]
[WhiteElo "1893"]
[BlackElo "1814"]
[PlyCount "75"]
[GameId "2166508136505883"]
[EventDate "2024.01.27"]
[WhiteTeam "Aulazenter"]
[BlackTeam "Agrupacion B"]

1. e4 d6 2. d4 Nf6 3. Nc3 g6 4. Nf3 Bg7 5. Be2 O-O 6. O-O Nc6 7. d5 Nb8 8. h3 c6 9. a4 cxd5 10. exd5 Qa5 11. Be3 Na6 12. Qd2 Bd7 13. Bb5 Nc5 14. Bd4 a6 15. Bxd7 Ncxd7 16. Rfe1 Rfe8 17. Rad1 Rac8 18. Qe3 Rc7 19. Rd3 b5 20. axb5 axb5 21. b4 Qa6 22. Nd2 Qb7 23. Nb3 e5 24. dxe6 Rxe6 25. Qd2 Qc8 26. Rc1 Qb8 27. Bxf6 Bxf6 28. Nd5 Rc4 29. Nxf6+ Nxf6 30. Nc5 Ne4 31. Nxe4 Rcxe4 32. Rd1 Re2 33. Qc3 Rxf2 34. Kxf2 Qa7+ 35. Qd4 Qe7 36. Kg1 Re4 37. Qxd6 Qg5 38. Qd8+ 1-0

[Event "Preferente Aragonesa 2024 - Grupo II"]
[Site "?"]
[Date "2024.03.09"]
[Round "7.59"]
[White "Guerra Perez, Rafael"]
[Black "Iravedra Ainkov, Francisco"]
[Result "0-1"]
[WhiteElo "1803"]
[BlackElo "1861"]
[PlyCount "81"]
[GameId "2166508136542748"]
[EventDate "2024.01.27"]
[WhiteTeam "Agrupacion B"]
[BlackTeam "Aulazenter"]

1. d4 d6 2. Nf3 Nf6 3. e3 g6 4. Be2 Bg7 5. O-O O-O 6. Nbd2 Nc6 7. b3 e5 8. dxe5 dxe5 9. Bb2 e4 10. Nd4 Nxd4 11. Bxd4 Qe7 12. c4 Nd7 13. Bxg7 Kxg7 14. Qc2 f5 15. Rad1 Ne5 16. Nb1 Be6 17. Qb2 Qf6 18. Nc3 Rad8 19. Qc2 c6 20. Rd4 c5 21. Rdd1 g5 22. g4 Nf3+ 23. Bxf3 exf3 24. gxf5 Bxf5 25. e4 Bh3 26. Nd5 Qe6 27. Ne3 Bxf1 28. Rxf1 Rf4 29. Qc3+ Kg6 30. Nf5 Rd7 31. Kh1 Qxe4 32. Ng3 Qd4 33. Qc2+ Qd3 34. Qb2 Rfd4 35. h3 Re7 36. Qa3 b6 37. Qa4 Rd6 38. Qb5 h5 39. b4 h4 40. bxc5 hxg3 41. Rc1 0-1

[Event "Preferente Aragonesa 2024 - Grupo II"]
[Site "?"]
[Date "2024.03.09"]
[Round "7.60"]
[White "Morales Anadon, Tomas"]
[Black "Casasnovas Sanchez, Raul"]
[Result "1/2-1/2"]
[WhiteElo "1643"]
[BlackElo "1604"]
[PlyCount "84"]
[GameId "2166508136579613"]
[EventDate "2024.01.27"]
[WhiteTeam "Aulazenter"]
[BlackTeam "Agrupacion B"]

1. e4 c6 2. d4 d5 3. exd5 cxd5 4. Bd3 Nc6 5. c3 Nf6 6. h3 g6 7. Bf4 Bf5 8. Nf3 Bxd3 9. Qxd3 Bg7 10. Nbd2 Rc8 11. O-O a6 12. a4 O-O 13. Rfe1 Nd7 14. Rad1 Qa5 15. Qc2 Rfe8 16. Qb3 Nb6 17. Ra1 e6 18. Bd6 Bf8 19. Bxf8 Rxf8 20. Qa3 Nd7 21. Qd6 Qc7 22. Qxc7 Rxc7 23. a5 Re8 24. Nb3 f6 25. Rad1 Kf7 26. Kf1 Rcc8 27. Re2 Rcd8 28. Ne1 Re7 29. Nd3 Rc8 30. Rde1 e5 31. dxe5 fxe5 32. Rd1 d4 33. cxd4 exd4 34. Rxe7+ Kxe7 35. Nf4 Nf6 36. Ne2 Rd8 37. Nexd4 Nxd4 38. Rxd4 Rc8 39. Ke2 Rc2+ 40. Rd2 Rc7 41. Rd3 Rc2+ 42. Rd2 Rc7 1/2-1/2

[Event "Preferente Aragonesa 2024 - Grupo II"]
[Site "?"]
[Date "2024.03.09"]
[Round "7.61"]
[White "Muro Guerrero, Miguel"]
[Black "Hernando Garcia, Antonio"]
[Result "1-0"]
[WhiteElo "2055"]
[BlackElo "2070"]
[PlyCount "45"]
[GameId "2166508136620574"]
[EventDate "2024.01.27"]
[WhiteTeam "Dr. Azua"]
[BlackTeam "El Olivar B"]

1. e4 d5 2. exd5 Qxd5 3. Nc3 Qd8 4. d4 c6 5. Bc4 Nf6 6. Nf3 Bf5 7. Ne5 e6 8. g4 Be4 9. Nxe4 Nxe4 10. Qf3 Nd6 11. Bb3 Nd7 12. Bd2 Nxe5 13. dxe5 Nb5 14. c3 h5 15. O-O-O hxg4 16. Qxg4 Qh4 17. Bxe6 Qxg4 18. Bxg4 Be7 19. e6 Nc7 20. exf7+ Kxf7 21. Rhe1 Rhd8 22. Rxe7+ Kxe7 23. Bg5+ 1-0

[Event "Preferente Aragonesa 2024 - Grupo II"]
[Site "?"]
[Date "2024.03.09"]
[Round "7.62"]
[White "Veras Sanz, Marino"]
[Black "Garcia Garcia, Enrique"]
[Result "1-0"]
[WhiteElo "2009"]
[BlackElo "1842"]
[PlyCount "47"]
[GameId "2166508136661535"]
[EventDate "2024.01.27"]
[WhiteTeam "El Olivar B"]
[BlackTeam "Dr. Azua"]

1. Nf3 d5 2. g3 Nf6 3. Bg2 e6 4. O-O Be7 5. c4 O-O 6. b3 (6. d4 dxc4 7. Ne5 (7. Qc2 a6 8. a4 Bd7 9. Qxc4 Bc6 $11) 7... Nc6 8. Bxc6 bxc6 9. Nxc6 Qe8 10. Nxe7+ Qxe7 $11) 6... c5 7. cxd5 Nxd5 (7... exd5 8. d4 Nc6 9. dxc5 Bxc5 10. Nc3 Be6 11. Bb2 $11) 8. Bb2 Nc6 9. Na3 (9. d4 b6 10. dxc5 Bxc5 11. Nc3 Nxc3 12. Bxc3 Bb7 $11) 9... b6 10. Nc4 Bb7 11. d4 b5 $1 12. Nce5 Nxe5 (12... cxd4 $6 13. Nxc6 Bxc6 14. Qxd4 Nf6 15. Rac1 $14) 13. Nxe5 f6 14. Nf3 (14. Nd3 cxd4 15. Bxd4 e5 $11) 14... cxd4 (14... Qb6 15. e4 Nc7 16. Qe2 Rfd8 17. Rfd1 Rac8 $11) (14... c4 15. bxc4 bxc4 16. e4 $8 Nb4 17. Bc3 a5 18. Nd2 Ba6 $11) 15. Nxd4 Qb6 16. Qd3 Nc7 $6 (16... a6 $6 17. Qe4 Kf7 (17... e5 18. Nf5 Bc5 19. Qg4 g6 20. Bxd5+ Bxd5 21. b4 $16) 18. Rac1 Qd6 19. Qxh7 Rh8 20. Qe4 $16) (16... Bc5 $8 17. e3 (17. Nxb5 $4 Nb4 18. Qc4 Bd5 $19) 17... Rfd8 18. Qe2 Nc7 19. Bxb7 Qxb7 $11) 17. Bxb7 $14 Qxb7 18. Rac1 Rfc8 $6 (18... Rfd8 19. Rxc7 $5 Qxc7 20. Nxe6 Rxd3 21. Nxc7 Rd2 22. Bc1 Rad8 $1 23. Bxd2 Rxd2 24. Nxb5 Rxe2 $44) 19. Rc6 $1 $16 Kf7 (19... Na6 20. Rxc8+ Rxc8 21. Nxe6 Nb4 22. Qd4 Rc2 23. Qg4 g6 24. Bxf6 $16) (19... e5 $4 20. Nf5 $18) 20. Rfc1 a6 21. Qxh7 Rh8 22. Qe4 e5 $2 23. Nf5 (23. Rxf6+ $18) 23... Ne6 24. Qd5 1-0

[Event "Preferente Aragonesa 2024 - Grupo II"]
[Site "?"]
[Date "2024.03.09"]
[Round "7.63"]
[White "Cajo Esteban, Ruben"]
[Black "Gracia Campo, Carlos Alberto"]
[Result "0-1"]
[WhiteElo "1815"]
[BlackElo "2007"]
[PlyCount "88"]
[GameId "2166508136710688"]
[EventDate "2024.01.27"]
[WhiteTeam "Dr. Azua"]
[BlackTeam "El Olivar B"]

1. d4 Nf6 2. c4 g6 3. Nc3 Bg7 4. e4 d6 5. Nf3 O-O 6. Be2 c5 7. d5 a6 8. a4 Nbd7 9. O-O Qc7 10. Bg5 h6 11. Be3 Ng4 12. Qd2 Nxe3 13. Qxe3 Kh7 14. Kh1 Qb6 15. Qd2 Qb4 16. a5 b6 17. Rfc1 bxa5 18. Nd1 Rb8 19. Rcb1 Ne5 20. Qc2 Nxf3 21. gxf3 Bd7 22. Ra2 Rb7 23. Kg2 Rfb8 24. Ne3 a4 25. f4 Qb3 26. Qxb3 Rxb3 27. Bd1 Rxb2 28. Rbxb2 Rxb2 29. Ra3 Rb4 30. Kf3 Bd4 31. Nc2 Rxc4 32. Ne3 Rc3 33. Ra2 a3 34. Ke2 Bxe3 35. fxe3 Bb5+ 36. Kf2 Bc4 37. Ra1 a2 38. Kf3 a5 39. h4 Ra3 40. Be2 Bb3 41. Kg4 h5+ 42. Kf3 c4 43. e5 c3 44. Ke4 c2 0-1

[Event "Preferente Aragonesa 2024 - Grupo II"]
[Site "?"]
[Date "2024.03.09"]
[Round "7.64"]
[White "Bailo Remacha, Santiago"]
[Black "Abenia Porroche, Roberto"]
[Result "1/2-1/2"]
[WhiteElo "1901"]
[BlackElo "1686"]
[PlyCount "90"]
[GameId "2166508136755745"]
[EventDate "2024.01.27"]
[WhiteTeam "El Olivar B"]
[BlackTeam "Dr. Azua"]

1. c4 Nf6 2. Nc3 g6 3. b3 Bg7 4. Bb2 O-O 5. g3 d5 6. cxd5 Nxd5 7. Bg2 Nxc3 8. Bxc3 Bxc3 9. dxc3 c6 10. Nf3 Qc7 11. O-O Nd7 12. Qc2 Ne5 13. Nd4 Bd7 14. a4 Rad8 15. h3 Bc8 16. Qe4 Rfe8 17. Qf4 a6 18. b4 Qd6 19. Rad1 Qf6 20. Qxf6 exf6 21. a5 Be6 22. f4 Nc4 23. f5 gxf5 24. Rf4 Ne3 25. Rd3 Bc4 26. Rd2 Be6 27. Kf2 Nd5 28. Bxd5 Rxd5 29. Nb3 Rxd2 30. Nxd2 Rd8 31. Rd4 Rxd4 32. cxd4 Bd5 33. Ke3 Kg7 34. Kf4 Kg6 35. Nf3 Bxf3 36. exf3 h6 37. Ke3 Kg7 38. Kd3 Kf8 39. Kc4 Ke7 40. Kc5 Kd7 41. d5 cxd5 42. Kxd5 h5 43. f4 Kc7 44. Kc5 Kd7 45. Kb6 Kc8 1/2-1/2

[Event "Preferente Aragonesa 2024 - Grupo II"]
[Site "?"]
[Date "2024.03.09"]
[Round "7.65"]
[White "Gomez Calomarde, Saul"]
[Black "Lacamara Pasamar, Miguel"]
[Result "1-0"]
[WhiteElo "2031"]
[BlackElo "1887"]
[PlyCount "101"]
[GameId "2166508136796706"]
[EventDate "2024.01.27"]
[WhiteTeam "Teruel B"]
[BlackTeam "Helios B"]

1. d4 Nf6 2. Bf4 e6 3. e3 c5 4. Nd2 Nc6 5. c3 d5 6. Bd3 cxd4 7. exd4 Bd6 8. Bg3 O-O 9. Ngf3 Re8 10. Ne5 Qc7 11. f4 h6 12. Bh4 Nh7 13. Qh5 Rf8 14. g4 f6 15. Qg6 f5 16. gxf5 exf5 17. Rg1 Bxe5 18. fxe5 Kh8 19. Nf1 Qf7 20. Ne3 Be6 21. O-O-O Rae8 22. Rdf1 Qxg6 23. Rxg6 f4 24. Ng2 Bh3 25. Rxf4 Bxg2 26. Rxf8+ Rxf8 27. Rxg2 Rf3 28. Kd2 g5 29. Bg3 Nf8 30. Be2 Rf7 31. h4 Rg7 32. Rh2 Kg8 33. hxg5 hxg5 34. Bg4 Kf7 35. Rf2+ Ke7 36. Bf3 Ke6 37. Bg4+ Ke7 38. Ke3 Nh7 39. Rh2 Nf8 40. Rh6 Rg6 41. Rh8 Nd8 42. Bf3 Nf7 43. Rh2 Ke6 44. Rf2 g4 45. Bxd5+ Kxd5 46. Rxf7 Rg8 47. Rxb7 Rh8 48. Rg7 Rh1 49. b3 Rg1 50. c4+ Ke6 51. Ke4 1-0

[Event "Preferente Aragonesa 2024 - Grupo II"]
[Site "?"]
[Date "2024.03.09"]
[Round "7.66"]
[White "Anson Casaos, Alejandro"]
[Black "Romo Blasco, Adrian"]
[Result "0-1"]
[WhiteElo "1794"]
[BlackElo "1961"]
[PlyCount "84"]
[GameId "2166508136833571"]
[EventDate "2024.01.27"]
[WhiteTeam "Helios B"]
[BlackTeam "Teruel B"]

1. c4 c5 2. Nc3 Nc6 3. Nf3 g6 4. d4 cxd4 5. Nxd4 Bg7 6. Nc2 Nf6 7. e4 d6 8. Be2 O-O 9. O-O Nd7 10. f3 Nc5 11. Rb1 Be6 12. Nd5 a5 13. Be3 Bxd5 14. exd5 Nb4 15. a3 Nxc2 16. Qxc2 a4 17. Bxc5 dxc5 18. b3 axb3 19. Rxb3 b6 20. g3 Ra6 21. f4 Qd6 22. Qd3 Rfa8 23. Bg4 Ra4 24. Rfb1 R8a6 25. Bc8 Bd4+ 26. Kg2 Ra7 27. Rxb6 Qc7 28. Rc6 Qa5 29. f5 Rxa3 30. Qe4 Qd2+ 31. Kh3 Re3 32. Qh1 Re2 33. fxg6 Qh6+ 34. Kg4 hxg6 35. h4 Qh5+ 36. Kh3 Qe5 37. Qf3 Raa2 38. Rxg6+ fxg6 39. Be6+ Kh7 40. Qf7+ Qg7 41. Qe8 Rh2+ 42. Kg4 Be3 0-1

[Event "Preferente Aragonesa 2024 - Grupo II"]
[Site "?"]
[Date "2024.03.09"]
[Round "7.67"]
[White "Pache Marconell, Juan"]
[Black "Gonzalez Azuara, Javier"]
[Result "1/2-1/2"]
[WhiteElo "1807"]
[BlackElo "1707"]
[PlyCount "131"]
[GameId "2166508136927780"]
[EventDate "2024.01.27"]
[WhiteTeam "Teruel B"]
[BlackTeam "Helios B"]

1. e4 e6 2. d4 d5 3. Nc3 Bb4 4. e5 c5 5. a3 Bxc3+ 6. bxc3 Ne7 7. h4 Nbc6 8. Qg4 Nf5 9. Bd3 h5 10. Qf4 Qb6 11. Bxf5 exf5 12. Ne2 Rh6 13. Qf3 Rg6 14. Nf4 Rg4 15. Nxd5 Qd8 16. Bg5 Qa5 17. Bd2 Qd8 18. Ne3 Rxh4 19. Rxh4 Qxh4 20. g3 Qe4 21. Qxe4 fxe4 22. Nd5 Kf8 23. Be3 Bg4 24. dxc5 Rd8 25. Nb4 Nxe5 26. Kf1 a5 27. Bf4 Nc4 28. c6 bxc6 29. Nxc6 Rd1+ 30. Rxd1 Bxd1 31. Nd4 Ke7 32. Ke1 Bg4 33. Bc1 Kd6 34. Nb3 f6 35. Bf4+ Kd5 36. a4 Bd7 37. Bc7 Bxa4 38. Nxa5 Nxa5 39. Bxa5 Bxc2 40. Kd2 Bb1 41. Bd8 Ke5 42. Be7 Ke6 43. Bf8 g5 44. Ke3 Ke5 45. f3 exf3 46. Kxf3 Be4+ 47. Ke3 Bd5 48. Be7 h4 49. gxh4 gxh4 50. Kf2 h3 51. Kg3 Bg2 52. Bd8 f5 53. Bc7+ Ke4 54. Bd6 Ke3 55. Bf4+ Ke2 56. Be5 Kd3 57. Kf2 Ke4 58. Bh2 f4 59. c4 Bf3 60. c5 Bg4 61. c6 Be6 62. c7 Bc8 63. Ke2 Kf5 64. Kf1 Kg4 65. Kf2 Ba6 66. Bg1 1/2-1/2

[Event "Preferente Aragonesa 2024 - Grupo II"]
[Site "?"]
[Date "2024.03.09"]
[Round "7.68"]
[White "Sanchez Castro, Roberto"]
[Black "Ramo Frontinan, Cristobal"]
[Result "0-1"]
[WhiteElo "1916"]
[BlackElo "2310"]
[PlyCount "104"]
[GameId "2166508136997413"]
[EventDate "2024.01.27"]
[WhiteTeam "Iberajedrez Mundo 64 B"]
[BlackTeam "Maristas"]

1. d4 Nf6 2. Nf3 g6 3. e3 Bg7 4. Nbd2 O-O 5. Be2 d6 6. O-O Nbd7 7. c3 b6 8. Ne1 Bb7 9. f3 e5 10. Nc2 Qe7 11. dxe5 Nxe5 12. Nc4 Nxc4 13. Bxc4 d5 14. Bd3 Nd7 15. Re1 Ne5 16. Bf1 f5 17. b3 Bf6 18. Bb2 c5 19. Be2 Rad8 20. Qc1 Qg7 21. Rb1 Rfe8 22. c4 dxc4 23. Bxc4+ Nxc4 24. Bxf6 Qxf6 25. bxc4 Qc3 26. Na3 Qxc1 27. Rbxc1 Rd3 28. Nb5 a6 29. Nc3 Bc6 30. e4 fxe4 31. Nxe4 Bxe4 32. fxe4 Re5 33. Rb1 Rd6 34. Rb2 Kf7 35. Kf2 Ke7 36. Ke3 Rd4 37. Kf4 Re6 38. Rc2 Rf6+ 39. Kg5 Ke6 40. Re3 Ke5 41. Rf3 Rfd6 42. Rf7 Rd7 43. Rxd7 Rxd7 44. Re2 b5 45. Rc2 b4 46. h4 Kxe4 47. Rc1 Rd2 48. g3 Rxa2 49. Kh6 Rg2 50. Re1+ Kd4 51. Re6 Rxg3 52. Kxh7 Rg4 0-1

[Event "Preferente Aragonesa 2024 - Grupo II"]
[Site "?"]
[Date "2024.03.09"]
[Round "7.69"]
[White "Campo Millan, Diego"]
[Black "Carela Ferrer, Francisco Javier"]
[Result "1-0"]
[WhiteElo "2060"]
[BlackElo "1861"]
[PlyCount "71"]
[GameId "2166508137042470"]
[EventDate "2024.01.27"]
[WhiteTeam "Maristas"]
[BlackTeam "Iberajedrez Mundo 64 B"]

1. Nf3 Nf6 2. g3 g6 3. Bg2 Bg7 4. O-O O-O 5. d3 c5 6. c3 Nc6 7. Nbd2 d6 8. e4 Rb8 9. Re1 Nd7 10. Nf1 b5 11. d4 b4 12. Be3 bxc3 13. bxc3 Qa5 14. Qc1 Re8 15. N1d2 cxd4 16. cxd4 Bb7 17. Bh3 Nb6 18. a3 Qa4 19. Qd1 Qa5 20. Qc1 Qh5 21. Bg2 Rec8 22. Qd1 Na5 23. Rc1 Nac4 24. Nxc4 Nxc4 25. Rxc4 Rxc4 26. Qb3 Rc7 27. Ng5 Qg4 28. Qxf7+ Kh8 29. Ne6 Rg8 30. Nxc7 Qd7 31. Ne6 d5 32. exd5 Bxd5 33. Bxd5 Qxd5 34. Qxe7 Qe4 35. d5 Bc3 36. Bd4+ 1-0

[Event "Preferente Aragonesa 2024 - Grupo II"]
[Site "?"]
[Date "2024.03.09"]
[Round "7.70"]
[White "Moreno Burillo, Marcos Antonio"]
[Black "Garcia Valer, Jesus"]
[Result "1-0"]
[WhiteElo "1814"]
[BlackElo "1822"]
[PlyCount "63"]
[GameId "2166508137091623"]
[EventDate "2024.01.27"]
[WhiteTeam "Iberajedrez Mundo 64 B"]
[BlackTeam "Maristas"]

1. d4 e6 2. c4 f5 3. Nc3 Nf6 4. Nf3 c6 5. Bf4 d5 6. e3 Bd6 7. Ne5 O-O 8. Be2 Qe7 9. c5 Bc7 10. b4 Nbd7 11. Nxc6 bxc6 12. Bxc7 Nxc5 13. Bf4 Nce4 14. Nxe4 Nxe4 15. Qb3 Bd7 16. f3 Nd6 17. O-O g5 18. Be5 Nf7 19. Bg3 Nh6 20. Be1 Qg7 21. Rd1 g4 22. Bg3 gxf3 23. Rxf3 Nf7 24. Bf4 Kh8 25. Rg3 Qf6 26. Bh5 e5 27. dxe5 Nxe5 28. Bg5 Qe6 29. Qc3 h6 30. Bf4 Rae8 31. Bxe8 Rxe8 32. Rh3 1-0

[Event "Campeonato de Aragon por Equipos 2024 - "]
[Site "?"]
[Date "2024.03.16"]
[Round "8.1"]
[White "Munoz Perez, Ivan"]
[Black "Antoli Royo, Joaquin Miguel"]
[Result "0-1"]
[WhiteElo "2259"]
[BlackElo "2357"]
[PlyCount "48"]
[GameId "2166508137198121"]
[EventDate "2024.01.27"]
[WhiteTeam "El Olivar"]
[BlackTeam "Jaime Casas"]

1. e4 c5 2. f4 d5 3. exd5 Nf6 4. Bb5+ Nbd7 5. c4 a6 6. Bxd7+ Bxd7 7. Nf3 e6 8. O-O exd5 9. Re1+ Be7 10. cxd5 Nxd5 11. d4 O-O 12. Nc3 Be6 13. Nxd5 Bxd5 14. dxc5 Bxc5+ 15. Be3 Bb4 16. Rf1 Re8 17. Bd4 Bxf3 18. gxf3 Qh4 19. a3 Qxf4 20. Bf2 Bd6 21. Bg3 Qe3+ 22. Bf2 Qh6 23. Bg3 Bxg3 24. hxg3 Rad8 0-1

[Event "Campeonato de Aragon por Equipos 2024 - "]
[Site "?"]
[Date "2024.03.16"]
[Round "8.2"]
[White "Ramiro Ovejero, Juan Luis"]
[Black "Miranda Herrera, Miguel"]
[Result "1-0"]
[WhiteElo "2297"]
[BlackElo "2121"]
[PlyCount "63"]
[GameId "2166508137243178"]
[EventDate "2024.01.27"]
[WhiteTeam "Jaime Casas"]
[BlackTeam "El Olivar"]

1. d4 e6 2. Nf3 f5 3. d5 Nf6 4. dxe6 dxe6 5. Qxd8+ Kxd8 6. Nc3 Bb4 7. Bd2 c6 8. e4 Nbd7 9. exf5 exf5 10. O-O-O Ng4 11. Bg5+ Kc7 12. Bf4+ Kb6 13. h3 Bxc3 14. hxg4 fxg4 15. Ng5 Bf6 16. Be3+ Kc7 17. Ne6+ Kb8 18. Nc5 Ne5 19. Bf4 Bf5 20. Rh5 g6 21. Rxf5 gxf5 22. Nd7+ Kc8 23. Nxf6 Ng6 24. Bh6 Ne5 25. Re1 Nd7 26. Bg7 Rd8 27. Bd3 Nxf6 28. Bxf6 Rf8 29. Bg7 Kd7 30. Bxf8 Rxf8 31. Re5 f4 32. Rg5 1-0

[Event "Campeonato de Aragon por Equipos 2024 - "]
[Site "?"]
[Date "2024.03.16"]
[Round "8.3"]
[White "Galstyan, David"]
[Black "Fontana Sotomayor, Luis Javier"]
[Result "1-0"]
[WhiteElo "2130"]
[BlackElo "2191"]
[PlyCount "79"]
[GameId "2166508137296427"]
[EventDate "2024.01.27"]
[WhiteTeam "El Olivar"]
[BlackTeam "Jaime Casas"]

1. e4 Nf6 2. e5 Nd5 3. d4 d6 4. c4 Nb6 5. exd6 cxd6 6. Nc3 g6 7. Be3 Bg7 8. Rc1 O-O 9. b3 e5 10. dxe5 dxe5 11. Qxd8 Rxd8 12. c5 N6d7 13. Nf3 Nc6 14. Bc4 h6 15. Ne4 Na5 16. Be2 f5 17. Nd6 e4 18. Nd4 Nxc5 19. Rxc5 Rxd6 20. Nb5 Rd8 21. O-O Nc6 22. Nc7 Rb8 23. Na6 Ra8 24. Rcc1 Bd7 25. Nc5 Ne5 26. Nxb7 Rdc8 27. Nc5 Rc7 28. Na6 Rxc1 29. Rxc1 Bc6 30. Nb4 Bd7 31. Nd5 a5 32. h4 a4 33. Nb6 Rb8 34. bxa4 Be6 35. a5 Nd3 36. Bxd3 exd3 37. a6 d2 38. Rd1 f4 39. a7 Re8 40. Bxd2 1-0

[Event "Campeonato de Aragon por Equipos 2024 - "]
[Site "?"]
[Date "2024.03.16"]
[Round "8.4"]
[White "Newrkla, Katharina"]
[Black "Munoz Valles, Jorge"]
[Result "1-0"]
[WhiteElo "2173"]
[BlackElo "1985"]
[PlyCount "59"]
[GameId "2166508137329196"]
[EventDate "2024.01.27"]
[WhiteTeam "Jaime Casas"]
[BlackTeam "El Olivar"]

1. e4 c6 2. d4 d5 3. e5 Bf5 4. h4 h5 5. Bd3 Bxd3 6. Qxd3 Qa5+ 7. Nd2 Qa6 8. c4 e6 9. Ngf3 Ne7 10. O-O Nd7 11. b3 Nf5 12. a4 Be7 13. Ba3 Nxh4 14. Bxe7 Nxf3+ 15. Nxf3 Kxe7 16. Rfc1 Rag8 17. Qe3 dxc4 18. bxc4 h4 19. Ng5 Rh5 20. Rab1 Nb6 21. Qa3+ Ke8 22. Ne4 Nc8 23. Nc5 Qa5 24. Nxb7 Qc7 25. Nc5 h3 26. Rb7 Qd8 27. Qf3 h2+ 28. Kh1 Rf5 29. Qxc6+ Kf8 30. Nd7+ 1-0

[Event "Campeonato de Aragon por Equipos 2024 - "]
[Site "?"]
[Date "2024.03.16"]
[Round "8.5"]
[White "Gines Esteo, Pedro Antonio"]
[Black "Cifuentes Parada, Roberto"]
[Result "1-0"]
[WhiteElo "2343"]
[BlackElo "2354"]
[PlyCount "121"]
[GameId "2166508137419309"]
[EventDate "2024.01.27"]
[WhiteTeam "MyInvestor Casablanca A"]
[BlackTeam "Jaque - Aramovil"]

1. d4 d5 2. c4 c6 3. Nc3 Nf6 4. e3 e6 5. Nf3 Nbd7 6. Be2 b6 7. cxd5 exd5 8. Ne5 Bb7 9. O-O Bd6 10. f4 O-O 11. Bd3 c5 12. Qf3 Qe7 13. Bd2 Rfd8 14. Rae1 a6 15. g4 c4 16. Bb1 Rac8 17. Re2 Bb4 18. g5 Ne4 19. Nxe4 dxe4 20. Bxe4 Bxe4 21. Qxe4 Bxd2 22. Rxd2 c3 23. bxc3 Nxe5 24. fxe5 Rxc3 25. Qf4 b5 26. Rdf2 Rc7 27. h4 b4 28. h5 Qe6 29. h6 a5 30. hxg7 a4 31. Qf6 Re8 32. Qxe6 Rxe6 33. Rb1 Rb7 34. Rfb2 Reb6 35. Kf2 b3 36. axb3 axb3 37. e4 Kxg7 38. Ke3 Kf8 39. Rc1 h6 40. gxh6 Rxh6 41. Rf1 Ke7 42. Rf3 Rh1 43. Kf4 Rb4 44. Rd3 f6 45. exf6+ Kxf6 46. Kg3 Rb8 47. Rf3+ Ke6 48. Rbxb3 Rg8+ 49. Kf2 Rg4 50. Rb6+ Ke7 51. Rb7+ Ke6 52. Rb6+ Ke7 53. Rb7+ Ke6 54. d5+ Ke5 55. Re7+ Kd4 56. Rg3 Rxe4 57. d6 Rh2+ 58. Kf3 Rxe7 59. dxe7 Rh8 60. Kf4 Kd5 61. Re3 1-0

[Event "Campeonato de Aragon por Equipos 2024 - "]
[Site "?"]
[Date "2024.03.16"]
[Round "8.6"]
[White "Escartin Lacasa, Jose"]
[Black "Glavina, Pablo"]
[Result "0-1"]
[WhiteElo "2229"]
[BlackElo "2390"]
[PlyCount "78"]
[GameId "2166508137476654"]
[EventDate "2024.01.27"]
[WhiteTeam "Jaque - Aramovil"]
[BlackTeam "MyInvestor Casablanca A"]

1. d4 Nf6 2. Nf3 d5 3. c4 e6 4. g3 Nc6 5. Bg2 Bd6 6. O-O O-O 7. b3 dxc4 8. bxc4 e5 9. d5 Na5 10. Qa4 b6 11. c5 Bxc5 12. Nxe5 Qe8 13. Qxe8 Rxe8 14. Bb2 Ba6 15. Nd3 Bd6 16. Bxf6 Rxe2 17. Nc1 Rc2 18. Be4 Bxf1 19. Bxc2 gxf6 20. Kxf1 Be5 21. Nc3 Bxc3 22. Rb1 Nc4 23. Nb3 Na3 24. Rc1 Bb2 25. Rd1 Nxc2 26. Rd2 Nb4 27. Rxb2 Nxd5 28. Nd4 c5 29. Nf5 Kf8 30. Rd2 Rd8 31. Ke1 Re8+ 32. Kf1 Re5 33. Nd6 Nb4 34. Nc8 c4 35. a3 c3 36. Rd8+ Kg7 37. Nxb6 c2 38. Rc8 axb6 39. axb4 Rc5 0-1

[Event "Campeonato de Aragon por Equipos 2024 - "]
[Site "?"]
[Date "2024.03.16"]
[Round "8.7"]
[White "Quintin Navarro, Alberto"]
[Black "Calvo Simon, Jorge"]
[Result "1-0"]
[WhiteElo "2329"]
[BlackElo "2179"]
[PlyCount "79"]
[GameId "2166508137529903"]
[EventDate "2024.01.27"]
[WhiteTeam "MyInvestor Casablanca A"]
[BlackTeam "Jaque - Aramovil"]

1. d4 d5 2. c4 c6 3. Nf3 Nf6 4. Nc3 dxc4 5. a4 g6 6. e4 Bg7 7. Bxc4 O-O 8. a5 Bg4 9. Be3 Nbd7 10. e5 Ne8 11. Qb3 Bxf3 12. gxf3 c5 13. Bxf7+ Kh8 14. Bxe8 Qxe8 15. e6 Nf6 16. d5 b5 17. Bxc5 Nh5 18. Ne4 Rf5 19. O-O-O Qf8 20. Kb1 Rxf3 21. Rd3 Rxd3 22. Qxd3 Nf4 23. Qf3 Qf5 24. Rd1 Rc8 25. Be3 g5 26. Bxf4 gxf4 27. Qd3 Qe5 28. Rd2 f3 29. Rc2 Rc4 30. d6 exd6 31. Qxd6 Qxd6 32. Nxd6 Rxc2 33. Kxc2 Bf6 34. Nxb5 Kg8 35. Kd3 a6 36. Nc7 Bd8 37. Nxa6 Bxa5 38. Ke4 Kf8 39. Kxf3 Ke7 40. b4 1-0